000 00564nam a2200157Ia 4500
008 150610s9999 xx 000 0 und d
020 _a0 861715446
050 _aHF5388
_b.F54 2007
100 _aField, Lloyd M.
245 _aBusiness and the Buddha:
_bdoing well by doing good /
_cLloyd M. Field; foreword by the Dalai lama; preface by Master Hsing Yun.
260 _aBoston :
_bWisdom Publications,
_c2007.
300 _a212pages ;
_c23 cm.
504 _aIncludes Bibliographic references an index.
520 _aBuddhism.
650 _aBuddhism
_xSocial aspects.
999 _c287984
_d287984